000 00675nam a2200121Ia 4500
008 220620s9999||||xx |||||||||||||| ||und||
100 _aRobert J Marks II||John C Sanford||Bruce L Gordon||Michael J Behe||William A Dembski
245 0 _aBiological Information:New Perspectives
546 _aEnglish[eng]
650 _aMolecular Biology||Mutation/Selection Paradigm||Numerical Simulation||Mathematics||Biophysics||Physics||Thermodynamics||Information Theory||Evolutionary Theory||Computer Science||Linguistics||Genetics||Developmental Biology||Biological Information||Whole Organism Biology
856 _uhttp://www.worldscientific.com/worldscibooks/10.1142/8818
942 _cEB
999 _c22617
_d22617